An introduction to satellite image interpretation

The book is excellent and will serve not only the beginning student but the professional meteorologist as well. Students will be able to follow and understand each topic the book presents, and professionals will find it helpful in refreshing their memory on various aspects of imagery interpretation

Gespeichert in:
Bibliographische Detailangaben
1. Verfasser: Conway, Eric D.
Format: Buch
Sprache:Undetermined
Veröffentlicht: Baltimore Johns Hopkins University Press 1997
Schlagworte:
Tags: Tag hinzufügen
Keine Tags, Fügen Sie den ersten Tag hinzu!
Thư viện lưu trữ: Trung tâm Học liệu Trường Đại học Cần Thơ
LEADER 00871nam a2200193Ia 4500
001 CTU_141844
008 210402s9999 xx 000 0 und d
082 |a 621.3678 
082 |b C767 
100 |a Conway, Eric D. 
245 3 |a An introduction to satellite image interpretation 
245 0 |c Eric D. Conway and The Maryland Space Grant Consortium 
260 |a Baltimore 
260 |b Johns Hopkins University Press 
260 |c 1997 
520 |a The book is excellent and will serve not only the beginning student but the professional meteorologist as well. Students will be able to follow and understand each topic the book presents, and professionals will find it helpful in refreshing their memory on various aspects of imagery interpretation 
650 |a Remote sensing 
904 |i Bạch Trúc 
980 |a Trung tâm Học liệu Trường Đại học Cần Thơ